00788nas a2200229Ia 4500001001100000003000900011008004100020040001300061040001300074041001300087100005100100210001400151222001400165245006800179250001100247260005000258501008600308300001700394362003400411500007700445650003600522R007/H8960IT-RoPAU151124c99999999xx |||||||||||| ||und|| aIT-RoPAU cIT-RoPAU aITALIANO aMancino Anton GiuliogCodice Aut. SPICS: 34661 aCINEFORUM aCineforum aCINEFORUM, ANNO 49-N.484 (MAGGIO 2009)bFortapasc di Marco Risi a1a ed. aBERGAMObFEDERAZIONE ITALIANA CINEFORUMc2009 bPaulus - SPICS - Società San Paolo EM (non-commercial uses only)cCopyright2015 a3 p. [27-29] aANNO 049, N.484 (MAGGIO 2009) aScheda, Trama e Recensione del Film. Carta Canta, Contiene e (In)Chiede. aCINEMAvPUBBLICAZIONE PERIODICA